[Event "Santa Rosa op"]
[Site "Santa Rosa"]
[Date "2022.07.10"]
[Round "7"]
[White "Egea, Denis"]
[Black "Rossi, Juan"]
[Result "1/2-1/2"]
[WhiteElo "1800"]
[BlackElo "1742"]
[PlyCount "70"]
[EventDate "2022.07.08"]
[EventType "swiss"]
[EventRounds "7"]
[EventCountry "ARG"]
[SourceTitle "CBM 209 Extra"]
[Source "ChessBase"]
[SourceDate "2022.09.30"]
[SourceVersion "1"]
[SourceVersionDate "2022.09.30"]
[SourceQuality "1"]

1. Nf3 Nf6 2. d4 g6 3. g3 Bg7 4. Bg2 0-0 5. 0-0 d6 6. c4 Nc6 7. Nc3 e5 8. dxe5 dxe5 9. Qxd8 Rxd8 10. Bg5 Re8 11. Bxf6 Bxf6 12. Nd5 Bd8 13. e4 Bg4 14. Nd2 Nd4 15. f3 Be6 16. f4 c6 17. Ne3 Ne2+ 18. Kh1 exf4 19. gxf4 Bb6 20. f5 Bxe3 21. fxe6 Rxe6 22. Rae1 Ng3+ 23. hxg3 Bxd2 24. Re2 Bh6 25. Rd1 Rae8 26. Rd7 R6e7 27. Rxe7 Rxe7 28. Bf3 Bg7 29. Rd2 Be5 30. Kg2 Kg7 31. b3 c5 32. Rd8 Kf6 33. Bg4 h5 34. Bh3 g5 35. Bf5 Kg7 1/2-1/2